Lebron James Blitz - Statistics

General Stats
  • This quiz has been taken 216 times
  • The average score is 5 of 8
Answer Stats
Hint Answer % Correct
Year Drafted 2003
94%
NBA player who was also born there Stephen Curry
81%
State/Town where He was born Akron, ohio
74%
Other Big names in that draft Wade
65%
Times He's won mvp 4
43%
Season He lead the league in scoring 2007
39%
Times He's been in the all star game 15
32%
Nickname King James
32%
No matching quizzes found
Score Distribution
Percent of People with Each Score
Percentile by Number Answered
Your Score History
You have not taken this quiz